000
00321nam a2200133Ia 4500
003
OSt
008
191201s2000 xx 000 0 und d
100
_a
CHATTOPADHYAY,D.
245
0
_a
Fundamentals of Electric Circuit Theory
260
_a
N. Delhi
_b
S Chand
_c
2000
300
_a
421
650
_a
B.Tech(ECE)
942
_2
ddc
_c
BK
999
_c
426
_d
426